Earlrose Golf & Leisure and J Sweeney Transport Ltd V Raine(Valuation Officer) (Record no. 70210)
[ view plain ]
| 000 -LEADER | |
|---|---|
| fixed length control field | 01357cam a2200169 4500 |
| 008 - FIXED-LENGTH DATA ELEMENTS--GENERAL INFORMATION | |
| fixed length control field | 020508n2002 000 0 eng u |
| 035 ## - SYSTEM CONTROL NUMBER | |
| System control number | (Sirsi) u117887 |
| 245 ## - TITLE STATEMENT | |
| Title | Earlrose Golf & Leisure and J Sweeney Transport Ltd V Raine(Valuation Officer) |
| 260 ## - PUBLICATION, DISTRIBUTION, ETC. | |
| Date of publication, distribution, etc. | 2002 |
| 490 ## - SERIES STATEMENT | |
| Series statement | Rating and Valuation Reporter |
| Volume/sequential designation | [2002] RVR 7-9(3) |
| 520 ## - SUMMARY, ETC. | |
| Summary, etc. | VT 3 October 2001 Appeal case relates to two fields and part of woodland, with planning permission as golf course, assessed for rates, which was being used for waste disposal. Submissions in case related to whether subject property was golf course under construction, and therefore not included in assessment for rates, or did disposal of waste material during construction of golf course amount to rateable occupation of land as tipping site and premises. Also, if property was rateable, was rateable value ascribed to it correct, and also was date of entry in ratings list correct. Construction of golf course regarded as taking too long a time, and appellants were deriving benefit from delay in works. Rateable value ascribed to it was adjusted downwards, and date of entry decided as correct. Appeal dismissed. |
| 650 ## - SUBJECT ADDED ENTRY--TOPICAL TERM | |
| Topical term or geographic name entry element | HEREDITAMENTS |
| 650 ## - SUBJECT ADDED ENTRY--TOPICAL TERM | |
| Topical term or geographic name entry element | GOLF COURSES |
| 650 ## - SUBJECT ADDED ENTRY--TOPICAL TERM | |
| Topical term or geographic name entry element | EARLROSE GOLF & LEISURE AND J SWEENEY TRANSPORT LTD V RAINE |
| 690 ## - LOCAL SUBJECT ADDED ENTRY--TOPICAL TERM (OCLC, RLIN) | |
| Topical term or geographic name as entry element | RATING AND LOCAL TAXATION-CASE LAW |
| 942 ## - ADDED ENTRY ELEMENTS (KOHA) | |
| Suppress in OPAC | 0 |
| Withdrawn status | Lost status | Source of classification or shelving scheme | Damaged status | Not for loan | Home library | Current library | Shelving location | Date acquired | Total Checkouts | Full call number | Barcode | Date last seen | Copy number | Price effective from | Koha item type |
|---|---|---|---|---|---|---|---|---|---|---|---|---|---|---|---|
| Dewey Decimal Classification | London | London | Journal article | 08/05/2002 | X117887 | 117887-1001 | 06/08/2019 | 1 | 06/08/2019 | Journal article |